Vedení rychlostí růstu proměny role a odpovědnosti šéfa v procesu rozvoje podniku

Salvato in:
Dettagli Bibliografici
Autore principale: Catlin, Katherine
Altri autori: Matthews, Jana, Škapová, Hana
Natura: Libro
Lingua:ceco
Pubblicazione: Praha Management Press 2003
Soggetti:
Tags: Aggiungi Tag
Nessun Tag, puoi essere il primo ad aggiungerne!!

MARC

LEADER 00000nam$a2200000$$$4500
001 0019830
005 20240306141728.3
020 |a 80-7261-083-X 
041 0 |a cze 
044 |a CZ 
245 1 0 |a Vedení rychlostí růstu  |b proměny role a odpovědnosti šéfa v procesu rozvoje podniku  |c Katherine Catlin & Jana Matthews ; prekl. Hana Škapová 
264 1 |a Praha  |b Management Press  |c 2003 
300 |a 150 s. 
610 2 0 |a rast podniku 
610 2 0 |a ciele podnikové 
610 2 0 |a kultúra podniková 
610 2 0 |a manažment 
610 2 0 |a riadenie 
610 2 0 |a rozvoj podniku 
100 1 |a Catlin, Katherine 
700 1 |a Matthews, Jana 
700 1 |a Škapová, Hana